000 01058nam a2200313 i 4500
001 13927
003 KOSZ 005
005 20200630132829.0
008 071112s1971 pl f 001 0 pol
015 _aPB 1971/8582
040 _aWA N
_cWA N
_dKOSZ 005/RW
080 _a517
100 1 _aMaurin, Krzysztof
_d(1923-2017)
_eAutor
245 1 0 _aAnaliza.
_nCz. 1,
_pElementy /
_cKrzysztof Maurin.
260 _aWarszawa :
_bPaństwowe Wydawnictwo Naukowe,
_c1971.
300 _a486, [2] stron ;
_c25 cm.
336 _aTekst
_btxt
_2rdacontent
337 _aBez urządzenia pośredniczącego
_bn
_2rdamedia
338 _aWolumin
_bnc
_2rdacarrier
380 _aKsiążki.
490 1 _aBiblioteka Matematyczna ;
_vt. 38.
504 _aIndeks.
658 _aMatematyka
650 4 _aAnaliza matematyczna
710 2 _aPaństwowe Wydawnictwo Naukowe
_4pbl.
830 0 _aBiblioteka Matematyczna,
_vt. 38.
856 _uhttp://koha.tu.koszalin.pl/cgi-bin/koha/opac-detail.pl?biblionumber=13927
_yKatalog online BPK
942 _2UKD
_cKS
999 _c13927
_d13927